000 00725nam a2200217Ii 4500
003 JO-AjNU
008 230605s9999||||xx |||||||||||||| ||und||
017 _a1976/1839
020 _a977-246-088-2
040 _aJO-AjNU
_bara
_erda
_cJO-AjNU
041 _aara
050 1 4 _aPJ6075.M8 1976
100 3 _aتاليف حسين، محمد كامل,
_eauthor
_940205
245 0 0 _aاللغة العربية المعاصرة
264 3 1 _aالقاهرة: دار المعارف بمصر، 1976
300 _a143ص
336 _atext
_btxt
_2rdacontent
337 _aunmediated
_bn
_2rdamedia
338 _avolume
_bnc
_2rdacarrier
650 4 _aاللغة العربية المعاصرة-اللغة-الصرف-النحو
_940206
999 _aA17042
_c20610
_d20610